000
00233nam a2200097Ia 4500
008
240625s9999 xx 000 0 und d
041
_a
eng
082
_a
808.20 BHA
100
_a
BHATIA KESHAV
245
_a
ONLINE EMAIL MARKETING RESEARCH
999
_c
37370
_d
37370